| 000 | 00517nam a2200193Ia 4500 | ||
|---|---|---|---|
| 003 | GCL | ||
| 008 | 140319s9999 xx 000 0 eng d | ||
| 040 |
_aGCL / _cGCL |
||
| 082 | 0 | 4 |
_a759.64 _bB A |
| 100 | 1 | _aBRAHAIM, ALAOWI | |
| 245 | 1 | 0 |
_aAHMED CHERKAWI LA PASSION DU SIGNE = THE PASSION OF SIGNS / _cBRAHAIM, ALAOWI |
| 260 |
_a[S.N] : _bREVUE NOIRE ، _c1996 |
||
| 300 | _a188 P | ||
| 650 | 0 | 4 | _aDRAWING |
| 650 | 0 | 4 | _aARTS |
| 650 | 0 | 4 | _aPAINTERS - BIOGRAPHY |
| 650 | 0 | 4 | _aMORACCO - PAINTING |
| 942 |
_2ddc _cBK |
||
| 999 |
_c16274 _d16274 |
||